HARRY POTTER AND THE CURSED CHILD (Record no. 33561)

MARC details
000 -LEADER
fixed length control field 00262nam a22001217a 4500
003 - CONTROL NUMBER IDENTIFIER
control field SGT
082 ## - DEWEY DECIMAL CLASSIFICATION NUMBER
Classification number 823.92
Item number ROW
100 ## - MAIN ENTRY--PERSONAL NAME
Personal name ROWLINE J.K
245 ## - TITLE STATEMENT
Title HARRY POTTER AND THE CURSED CHILD
260 ## - PUBLICATION, DISTRIBUTION, ETC. (IMPRINT)
Place of publication, distribution, etc U.K
Name of publisher, distributor, etc SPHERE PUB
Year of Publication 2017
300 ## - PAGE DESCRIPTION
No. of Pages 329
942 ## - ADDED ENTRY ELEMENTS (KOHA)
Source of classification or shelving scheme Dewey Decimal Classification
Koha item type Books
Holdings
Withdrawn status Lost status Source of classification or shelving scheme Damaged status Not for loan Collection code Home library Current library Shelving location Date acquired SGTU Total Checkouts Full call number Accession No. (Barcode) Date last seen Bill Date Koha item type Date last borrowed
    Dewey Decimal Classification     MASS COMMUNICATION SGT Science & Social Sciences Library SGT Science & Social Sciences Library Text Book 27/01/2026 SGTU   823.92 ROW MC1376 27/01/2026 27/01/2026 Books  
    Dewey Decimal Classification     MASS COMMUNICATION SGT Science & Social Sciences Library SGT Science & Social Sciences Library Text Book 27/01/2026 SGTU 1 823.92 ROW MC1377 22/04/2026 27/01/2026 Books 30/03/2026